书目信息 |
| 题名: |
知识产权制度与经济增长关系的实证研究
|
|
| 作者: | 许春明 著 | |
| 分册: | ||
| 出版信息: | 北京 知识产权出版社 2009.02 |
|
| 页数: | 262页 | |
| 开本: | 21cm | |
| 丛书名: | 知识产权专题研究书系 | |
| 单 册: | ||
| 中图分类: | D913.04 , F124 | |
| 科图分类: | ||
| 主题词: | 知识产权--关系--经济增长--研究 | |
| 电子资源: | ||
| ISBN: | 978-7-80247-461-1 | |
| 000 | 01033nam 2200277 450 | |
| 001 | 012010610907 | |
| 005 | 20100527160249.54 | |
| 009 | 012004351728 | |
| 010 | @a978-7-80247-461-1@dCNY22.00 | |
| 100 | @a20100515d2009 em y0chiy0110 ea | |
| 101 | 0 | @achi@deng |
| 102 | @aCN@b110000 | |
| 105 | @ay a 000yy | |
| 200 | 1 | @a知识产权制度与经济增长关系的实证研究@Azhi shi chan quan zhi du yu jing ji zeng zhang guan xi de shi zheng yan jiu@f许春明著 |
| 210 | @a北京@c知识产权出版社@d2009.02 | |
| 215 | @a262页@d21cm | |
| 225 | 2 | @a知识产权专题研究书系 |
| 320 | @a有书目 (第242-259页) | |
| 330 | @a本书对知识产权制度与经济增长的内在关系进行深入分析,阐述了知识产权制度对经济增长影响的复杂性和两面性,分析了我国知识产权制度未能充分发挥作用的原因,并在此基础上提出了完善我国知识产权制度的政策建议。 | |
| 410 | 0 | @12001 @a知识产权专题研究书系 |
| 606 | 0 | @a知识产权@x关系@x经济增长@x研究 |
| 690 | @aD913.04@v4 | |
| 690 | @aF124@v4 | |
| 701 | 0 | @a许春明@Axu chun ming@4著 |
| 801 | 0 | @aCN@c20100515 |
| 905 | @dD913.04@eX854@f3 | |
| 知识产权制度与经济增长关系的实证研究/许春明著.-北京:知识产权出版社,2009.02 |
| 262页;21cm.-(知识产权专题研究书系) |
| ISBN 978-7-80247-461-1:CNY22.00 |
| 本书对知识产权制度与经济增长的内在关系进行深入分析,阐述了知识产权制度对经济增长影响的复杂性和两面性,分析了我国知识产权制度未能充分发挥作用的原因,并在此基础上提出了完善我国知识产权制度的政策建议。 |
| ● |
| 相关链接 |
|
|
|
正题名:知识产权制度与经济增长关系的实证研究
索取号:D913.04/X854
 
预约/预借
| 序号 | 登录号 | 条形码 | 馆藏地/架位号 | 状态 | 备注 |